000 00573nmm a2200193Ia 4500
008 251105s9999||||xx |||||||||||||||||und||
020 _a9788498797831
041 _aspa
100 _aLutero, Martín
245 0 _aObras reunidas 2 :
_b El siervo albedrío y otros escritos polémicos
264 _a[Madrid, España] :
_bTrotta Editorial,
_c2019
300 _a424 páginas
490 _aTorre del Aire
650 _aReligion(s)
700 _aLutero, Martín
700 1 _a Tomás, Gabriel
856 _uhttps://public.digitaliapublishing.com/a/128795
942 _cCF
999 _c68098
_d68098